Normal view
MARC view
- Gramegna Angela
Entry Personal Name
001 - CONTROL NUMBER
- control field: 10691
003 - CONTROL NUMBER IDENTIFIER
- control field: IT-RoPau
005 - DATE AND TIME OF LATEST TRANSACTION
- control field: 20140124162904.0
008 - FIXED-LENGTH DATA ELEMENTS
- fixed length control field: 140124|| aca||aabn | a|a d
040 ## - CATALOGING SOURCE
- Original cataloging agency: IT-RoPau
- Transcribing agency: IT-RoPau
100 ## - HEADING--PERSONAL NAME
- Personal name: Gramegna Angela
- Dates associated with a name: Codice autore SPICS: 15346
- Relator term: Autore
- Name of part/section of a work: Piemont
670 ## - SOURCE DATA FOUND
- Source citation: Work cat.: (IT-RoPau)102371: AA.VV. 794, Canzoni piemontesi